| 000 | 01459nam a2200349 i 4500 | ||
|---|---|---|---|
| 003 | EG-GICUC | ||
| 005 | 20260430133154.0 | ||
| 008 | 260430s1895 fr a|||fr|||| 001 0 fre d | ||
| 040 |
_aEG-GiCUC _bfre _cEG-GiCUC _dEG-GiCUC _eRda |
||
| 041 | 1 |
_afre _hita |
|
| 082 | 0 | 4 |
_221 _a343.62 _bLO . H |
| 092 | 0 | 4 | _221 |
| 099 | _aLaw1 10 343.62 LO . H - 2ed 1895 | ||
| 100 | 1 |
_aLombroso. César _eAuteur |
|
| 245 | 1 | 2 |
_aL'homme Criminel : _bEtude Anthropologique Et Psychiatrique / _cCésar Lombroso . |
| 250 |
_aDeuxième Édition Française , _bTraduite Sur La Cinqcieme Edition Italiensk |
||
| 264 | 1 |
_aParis : _bAncienne Librairie Germer Bailliere Et Félix Alcan , _c1895 . |
|
| 300 |
_a567 page , 32 Page non numérotée (Catalogue de l'éditeur) : _billustration ; _c 24 cm. |
||
| 336 |
_2rda contenu _a texte |
||
| 337 |
_2rda medias _aOrdinateur |
||
| 338 |
_2 transporteur rda _a Ressource en ligne |
||
| 500 | _aIndex Alphabétique Des Noms Des Auteurs. | ||
| 500 | _aIl Comprend UN Catalogue Des Publications De L'éditeur À La Fin Du Volume. | ||
| 505 | _aChiminel Ne Fou Moral Epileptique , Criminel Fou Chiminel D'occasion Criminel Par Passion . | ||
| 546 | _aTexte en français | ||
| 650 | 1 | 4 |
_aThéories Expliquant Le Comportement Criminel _2qrmak |
| 650 | 1 | 4 | _a Facteurs Criminels En Général . |
| 651 | 1 | _2qrmak | |
| 856 | 4 | 0 | _uhttps://fll.law.cu.edu.eg/fulltext/bks/B10-11379.pdf |
| 905 | _a165 | ||
| 942 |
_2ddc _cBK _e21 _n0 |
||
| 999 |
_c74541 _d74541 |
||